[Event "Levitov Chess Week Rapid"]
[Site "Amsterdam NED"]
[Date "2019.08.06"]
[Round "7.4"]
[White "Gelfand, Boris"]
[Black "Giri, Anish"]
[Result "1/2-1/2"]
[WhiteTitle "GM"]
[BlackTitle "GM"]
[WhiteElo "2686"]
[BlackElo "2779"]
[WhiteFideId "2805677"]
[BlackFideId "24116068"]
[EventDate "2019.08.04"]

1. d4 d5 2. c4 c6 3. Nf3 Nf6 4. g3 g6 5. Bg2 Bg7 6. b3 O-O 7. Bb2 dxc4 8. bxc4
c5 9. Qc1 cxd4 10. Nxd4 Nc6 11. Nxc6 bxc6 12. Nd2 Qc7 13. O-O Bg4 14. Nb3 a5 15.
Qe3 a4 16. Nc5 Bf5 17. Be5 Qc8 18. Qc3 Bh3 19. e4 Rd8 20. Rab1 Bxg2 21. Kxg2 Ne8
22. Rb4 f6 23. Bf4 e5 24. Be3 Bf8 25. a3 Nd6 26. Qc2 Nf7 27. Rxa4 Rxa4 28. Nxa4
Bxa3 29. c5 Bb4 30. Nb6 Qa6 31. Qb3 Qa3 32. Qxa3 Bxa3 33. Rb1 Rd3 34. Kf1 Ng5
35. Ke2 Rc3 36. Nd7 Nxe4 37. Rb7 Bxc5 38. Bxc5 Nxc5 39. Nxf6+ Kf8 40. Rxh7 Rc2+
41. Kf3 e4+ 42. Ke3 Rc3+ 43. Kd4 Rf3 44. Ng4 Rf5 45. Ra7 g5 46. Ne5 Ne6+ 47.
Kxe4 Rxf2 48. Ng6+ Kg8 49. Ke5 Ng7 50. g4 Rxh2 51. Ne7+ Kf8 52. Kf6 Ne8+ 53. Kg6
Re2 54. Nf5 Re6+ 55. Kxg5 Nf6 56. Nd4 Rd6 57. Ra8+ Kf7 58. Nf5 Re6 59. Nh6+ Ke7
60. Kf5 Nd7 61. g5 Re1 62. Ra7 Rf1+ 63. Kg6 Ke6 64. Ng4 Rg1 65. Ra4 Rxg4 66.
Rxg4 Ne5+ 67. Kh5 Nxg4 68. Kxg4 1/2-1/2